[Event "Noale Szabados Memorial-B 5th"]
[Site "Noale"]
[Date "2012.02.03"]
[Round "1"]
[White "Boschesi, Giovanni"]
[Black "Caldara, Sisto"]
[Result "0-1"]
[WhiteElo "1409"]
[BlackElo "1790"]
[PlyCount "52"]
[EventDate "2012.02.03"]
[EventType "swiss"]
[EventRounds "5"]
[EventCountry "ITA"]
[SourceTitle "EXT 2022"]
[Source "ChessBase"]
[SourceDate "2021.10.06"]
[SourceVersion "1"]
[SourceVersionDate "2021.10.06"]
[SourceQuality "1"]

1. e4 d6 2. d4 Nf6 3. Nc3 c6 4. Bc4 d5 5. exd5 cxd5 6. Bb3 Bg4 7. Qd3 e6 8. a3 Nc6 9. Bg5 Be7 10. Qg3 Bf5 11. Nge2 h6 12. Bd2 g5 13. f3 a6 14. 0-0-0 b5 15. Qf2 Rb8 16. Kb1 Na5 17. Nc1 b4 18. axb4 Rxb4 19. Ne4 dxe4 20. Bxb4 Bxb4 21. fxe4 Nxe4 22. Ba4+ Ke7 23. Qe2 Qb6 24. g4 Bg6 25. Ka2 Bc3 26. Nd3 Bxb2 0-1